000 00725cam a22002531 4500
001 35069
003 BD-RjUL
005 20211209052244.0
008 140520r19561955enk 001 0 eng
035 _a(BD-RjUL)35163
040 _aDLC
_cODaWU
_dNcRS
_dBD-RjUL
_beng
041 _aeng
082 _a942
_bPEE 1956
100 1 _aPear, T. H.
_9106789
245 1 0 _aEnglish social differences /
_cT. H.Pear.
260 _aLondon :
_bAllen & Unwin,
_c1955 [Reprint 1956].
300 _a318 p. ;
_c23 cm.
504 _aIncludes Index.
650 0 _aNational characteristics, English.
_973895
651 0 _aEngland
_xSocial life and customs.
_9106790
942 _2ddc
_cBK
999 _c35069
_d35069